[Event "Titled Tuesday 2024.09.03 Late"]
[Site "chess.com INT"]
[Date "2024.09.03"]
[Round "3"]
[White "Myers, Dominique"]
[Black "Mendes, Aaron Reeve"]
[Result "0-1"]
[WhiteElo "2029"]
[BlackElo "2320"]
[PlyCount "102"]
[GameId "2130307537519668"]
[EventDate "2024.09.03"]
[EventType "swiss (blitz)"]
[EventRounds "11"]
[EventCountry "NET"]
[SourceTitle "The Week in Chess 1557"]
[Source "Mark Crowther"]
[SourceDate "2024.09.09"]
[SourceVersion "2"]
[SourceVersionDate "2024.09.09"]
[SourceQuality "2"]

1. e4 c6 2. d4 d5 3. e5 c5 4. Nf3 Nc6 5. Nc3 cxd4 6. Nb5 Bg4 7. Nbxd4 Nxe5 8. Nxe5 Bd7 9. Qf3 Nf6 10. Bg5 a6 11. Bxf6 gxf6 12. Nxd7 Qxd7 13. O-O-O Rc8 14. Bd3 h5 15. Rhe1 Rg8 16. Bf5 Qa4 17. Bxc8 Qxa2 18. Nf5 e6 19. Bxb7 Qa1+ 20. Kd2 Qxb2 21. Qb3 Bb4+ 22. Ke2 Qe5+ 23. Ne3 Bxe1 24. Bc6+ Kf8 25. Kxe1 d4 26. Qb4+ Kg7 27. Qxd4 Qxh2 28. Bf3 Rc8 29. Ra1 Rb8 30. Nf1 Qc7 31. Bxh5 Qxc2 32. Bd1 Qc6 33. Qg4+ Kf8 34. Qf4 Rb5 35. Ne3 Qc3+ 36. Kf1 Qxa1 37. Qd6+ Kg7 38. Kg1 Rd5 39. Qg3+ Rg5 40. Qf3 a5 41. Kh2 a4 42. Bc2 a3 43. Ng4 a2 44. Qh3 Kf8 45. Qa3+ Kg8 46. Nh6+ Kg7 47. Qd3 Rh5+ 48. Kg3 Qe5+ 49. f4 Qe1+ 50. Kf3 Rxh6 51. Qd2 Qxd2 0-1

[Event "Titled Tuesday 2024.09.03 Late"]
[Site "chess.com INT"]
[Date "2024.09.03"]
[Round "4"]
[White "Mendes, Aaron Reeve"]
[Black "Guillemette, Hugo"]
[Result "1-0"]
[WhiteElo "2320"]
[BlackElo "2099"]
[PlyCount "93"]
[GameId "2130307537523830"]
[EventDate "2024.09.03"]
[EventType "swiss (blitz)"]
[EventRounds "11"]
[EventCountry "NET"]
[SourceTitle "The Week in Chess 1557"]
[Source "Mark Crowther"]
[SourceDate "2024.09.09"]
[SourceVersion "2"]
[SourceVersionDate "2024.09.09"]
[SourceQuality "2"]

1. Nf3 c5 2. e3 Nf6 3. b3 b6 4. Bb2 Bb7 5. d4 cxd4 6. exd4 e6 7. Nbd2 Be7 8. Bd3 d6 9. O-O O-O 10. c4 Nbd7 11. Re1 d5 12. a3 Rc8 13. Qc2 h6 14. Rac1 Ba6 15. Qb1 Nb8 16. Ne5 Nc6 17. Nxc6 Rxc6 18. Nf3 dxc4 19. bxc4 Bb7 20. Ne5 Rc8 21. h3 Nd7 22. Red1 Nxe5 23. dxe5 Qc7 24. Be2 Bg5 25. Rc2 Be4 26. Bd3 Bxd3 27. Rxd3 Rfd8 28. Qd1 Rxd3 29. Qxd3 Rd8 30. Qe4 Qc5 31. Kh2 Rd1 32. g3 g6 33. h4 Be7 34. h5 g5 35. Kg2 Kg7 36. Qf3 Rd8 37. Qe2 Qa5 38. Rc3 Bc5 39. Qf3 Be7 40. Qb7 Kf8 41. Rf3 Qd2 42. Bc3 Qa2 43. Bb4 Re8 44. Qc7 Qe2 45. Bxe7+ Rxe7 46. Qd8+ Re8 47. Qf6 1-0

[Event "Titled Tuesday 2024.09.03 Late"]
[Site "chess.com INT"]
[Date "2024.09.03"]
[Round "5"]
[White "Mendes, Aaron Reeve"]
[Black "Castro Silva, Moises Antonio"]
[Result "1-0"]
[WhiteElo "2320"]
[BlackElo "2260"]
[PlyCount "77"]
[GameId "2130307537527978"]
[EventDate "2024.09.03"]
[EventType "swiss (blitz)"]
[EventRounds "11"]
[EventCountry "NET"]
[SourceTitle "The Week in Chess 1557"]
[Source "Mark Crowther"]
[SourceDate "2024.09.09"]
[SourceVersion "2"]
[SourceVersionDate "2024.09.09"]
[SourceQuality "2"]

1. Nf3 c5 2. e3 Nc6 3. b3 Nf6 4. Bb2 g6 5. d4 cxd4 6. exd4 d5 7. c4 Bg7 8. Be2 O-O 9. O-O b6 10. Nc3 Bb7 11. h3 Rc8 12. Rc1 e6 13. cxd5 Nxd5 14. Nxd5 Qxd5 15. Bc4 Qd7 16. Qd2 Ne7 17. Qe3 Nf5 18. Qd3 Rfd8 19. Rfd1 Nd6 20. Ne5 Qe7 21. Ba3 Qg5 22. Qg3 Qxg3 23. fxg3 Nxc4 24. bxc4 Bh6 25. Rc3 Ba6 26. Be7 Re8 27. Bf6 Bb7 28. Rf1 Rc7 29. Ng4 Bg7 30. Be5 Bxe5 31. dxe5 Rd8 32. Rc2 Ba6 33. Rf4 Rdc8 34. Rcf2 Bxc4 35. Nh6+ Kg7 36. Nxf7 Rf8 37. Nd6 Rxf4 38. Rxf4 Bd5 39. Ne8+ 1-0

[Event "Titled Tuesday 2024.09.03 Late"]
[Site "chess.com INT"]
[Date "2024.09.03"]
[Round "6"]
[White "George Micheal, Kevin"]
[Black "Mendes, Aaron Reeve"]
[Result "0-1"]
[WhiteElo "2267"]
[BlackElo "2320"]
[PlyCount "90"]
[GameId "2130307537528023"]
[EventDate "2024.09.03"]
[EventType "swiss (blitz)"]
[EventRounds "11"]
[EventCountry "NET"]
[SourceTitle "The Week in Chess 1557"]
[Source "Mark Crowther"]
[SourceDate "2024.09.09"]
[SourceVersion "2"]
[SourceVersionDate "2024.09.09"]
[SourceQuality "2"]

1. Nf3 d5 2. g3 Nd7 3. d4 Nb6 4. Bg2 Nf6 5. O-O Bf5 6. a4 a5 7. Nc3 e6 8. b3 c6 9. Nh4 Be7 10. f3 Bb4 11. Bb2 O-O 12. Nxf5 exf5 13. Qd3 g6 14. e4 dxe4 15. fxe4 Bxc3 16. Bxc3 fxe4 17. Bxe4 Nxe4 18. Qxe4 Nd5 19. Bd2 Qb6 20. Kh1 Rfe8 21. Qf3 f5 22. Qd3 Rad8 23. Rae1 Nf6 24. Rxe8+ Rxe8 25. Re1 Rxe1+ 26. Bxe1 Qd8 27. c4 Kf7 28. Bc3 Ne4 29. Kg2 b6 30. Bb2 Qd6 31. d5 cxd5 32. cxd5 Ke7 33. g4 Qf4 34. gxf5 gxf5 35. Bd4 Qg4+ 36. Kf1 Qg6 37. Qb5 Qh5 38. Qxb6 Qd1+ 39. Kg2 Qe2+ 40. Kg1 Qg4+ 41. Kf1 Qf3+ 42. Ke1 Qh1+ 43. Ke2 Qxh2+ 44. Kd3 Qd2+ 45. Kc4 Qe2# 0-1

[Event "Titled Tuesday 2024.09.03 Late"]
[Site "chess.com INT"]
[Date "2024.09.03"]
[Round "11"]
[White "Holinka, Henning"]
[Black "Mendes, Aaron Reeve"]
[Result "0-1"]
[WhiteElo "2284"]
[BlackElo "2320"]
[PlyCount "100"]
[GameId "2130307537536435"]
[EventDate "2024.09.03"]
[EventType "swiss (blitz)"]
[EventRounds "11"]
[EventCountry "NET"]
[SourceTitle "The Week in Chess 1557"]
[Source "Mark Crowther"]
[SourceDate "2024.09.09"]
[SourceVersion "2"]
[SourceVersionDate "2024.09.09"]
[SourceQuality "2"]

1. e4 c5 2. Nf3 d6 3. d4 cxd4 4. Nxd4 Nf6 5. Nc3 a6 6. Be2 e5 7. Nb3 Be6 8. O-O Be7 9. Kh1 O-O 10. f4 exf4 11. Bxf4 Nc6 12. Qe1 d5 13. Rd1 d4 14. Nxd4 Nxd4 15. Be5 Nxc2 16. Qg3 Qb6 17. Rxf6 Bxf6 18. Bxf6 g6 19. Bd3 Ne3 20. Re1 Ng4 21. Bh4 Rfd8 22. h3 Nf2+ 23. Qxf2 Qxf2 24. Bxf2 Rxd3 25. e5 b5 26. Ne4 Rc8 27. Be3 Kg7 28. Bg5 Bd5 29. Bf6+ Kf8 30. Nc3 Rxh3+ 31. Kg1 Rd3 32. Kf2 b4 33. Nxd5 Rxd5 34. Ke3 Rc2 35. Ke4 Rdd2 36. g4 Re2+ 37. Rxe2 Rxe2+ 38. Kd5 Rxb2 39. e6 fxe6+ 40. Kxe6 Rxa2 41. g5 Ke8 42. Be7 b3 43. Kf6 b2 44. Bd6 b1=Q 45. Be5 Qb6+ 46. Kg7 Qb7+ 47. Kh8 Kf7 48. Bd6 Qc8+ 49. Kxh7 Qg8+ 50. Kh6 Qh8# 0-1

[Event "Titled Tuesday 2024.08.27 Early"]
[Site "chess.com INT"]
[Date "2024.08.27"]
[Round "1"]
[White "Uber Gracia, Hugo"]
[Black "Mendes, Aaron Reeve"]
[Result "0-1"]
[WhiteElo "2312"]
[BlackElo "2314"]
[PlyCount "84"]
[GameId "2130307537753962"]
[EventDate "2024.08.27"]
[EventType "swiss (blitz)"]
[EventRounds "11"]
[EventCountry "NET"]
[SourceTitle "The Week in Chess 1556"]
[Source "Mark Crowther"]
[SourceDate "2024.09.02"]
[SourceVersion "1"]
[SourceVersionDate "2024.09.02"]
[SourceQuality "2"]

1. d4 Nf6 2. Nf3 e6 3. e3 c5 4. c3 a6 5. Bd3 b5 6. O-O Bb7 7. Nbd2 d5 8. Qe2 Nbd7 9. Bc2 Be7 10. e4 dxe4 11. Nxe4 Nxe4 12. Bxe4 Bxe4 13. Qxe4 O-O 14. Bf4 Nf6 15. Qe2 cxd4 16. Nxd4 Nd5 17. Bg3 Qb6 18. Rfd1 Bf6 19. Nf3 Rfd8 20. Rac1 Rd7 21. Ne5 Bxe5 22. Bxe5 Rad8 23. Qg4 f6 24. Bd4 Qc6 25. Re1 e5 26. Be3 Nxe3 27. Rxe3 Rd4 28. Qh5 g6 29. Qh3 Rd1+ 30. Re1 Rxc1 31. Rxc1 Rd2 32. c4 Qxc4 33. Rb1 Rxb2 34. Rf1 Rxa2 35. Qd7 Rc2 36. Qe8+ Kg7 37. Qe7+ Qf7 38. Qd6 a5 39. h3 b4 40. Rd1 b3 41. Rb1 b2 42. Qd1 Qc7 0-1

[Event "Titled Tuesday 2024.08.27 Early"]
[Site "chess.com INT"]
[Date "2024.08.27"]
[Round "3"]
[White "Martinez Alcantara, Jose Eduardo"]
[Black "Mendes, Aaron Reeve"]
[Result "1-0"]
[WhiteElo "2612"]
[BlackElo "2314"]
[PlyCount "73"]
[GameId "2130307537766452"]
[EventDate "2024.08.27"]
[EventType "swiss (blitz)"]
[EventRounds "11"]
[EventCountry "NET"]
[SourceTitle "The Week in Chess 1556"]
[Source "Mark Crowther"]
[SourceDate "2024.09.02"]
[SourceVersion "1"]
[SourceVersionDate "2024.09.02"]
[SourceQuality "2"]

1. e4 c5 2. Nf3 d6 3. c3 Nf6 4. h3 g6 5. Bd3 Bg7 6. Bc2 O-O 7. O-O c4 8. Qe2 Qc7 9. Na3 Be6 10. b3 cxb3 11. axb3 a6 12. Bb2 Nbd7 13. d4 d5 14. e5 Ne4 15. c4 f5 16. Bxe4 fxe4 17. Ng5 Qb6 18. Nxe6 Qxe6 19. Nc2 Rac8 20. Ne3 Nb6 21. c5 Nd7 22. b4 Qc6 23. Bc1 e6 24. Nd1 Ra8 25. Bg5 Rf7 26. Nc3 b5 27. Ra3 Nxe5 28. dxe5 Bxe5 29. Rd1 Raf8 30. Be3 Qc7 31. Rxa6 Bxc3 32. Rxe6 d4 33. Rxd4 Bxd4 34. Bxd4 Qd7 35. Qxe4 Rf4 36. Rxg6+ Kf7 37. Rg7# 1-0

[Event "Titled Tuesday 2024.08.27 Early"]
[Site "chess.com INT"]
[Date "2024.08.27"]
[Round "4"]
[White "Mendes, Aaron Reeve"]
[Black "Jammalamadaka, Vihaan"]
[Result "1-0"]
[WhiteElo "2314"]
[BlackElo "1919"]
[PlyCount "117"]
[GameId "2130307537770668"]
[EventDate "2024.08.27"]
[EventType "swiss (blitz)"]
[EventRounds "11"]
[EventCountry "NET"]
[SourceTitle "The Week in Chess 1556"]
[Source "Mark Crowther"]
[SourceDate "2024.09.02"]
[SourceVersion "1"]
[SourceVersionDate "2024.09.02"]
[SourceQuality "2"]

1. e4 d5 2. exd5 Qxd5 3. Nc3 Qa5 4. d4 Nf6 5. Nf3 Bg4 6. h3 Bh5 7. g4 Bg6 8. Ne5 c6 9. Bg2 Nbd7 10. Nxg6 hxg6 11. O-O e6 12. Bd2 Qc7 13. Re1 O-O-O 14. a4 Nb8 15. Qe2 Bd6 16. a5 Na6 17. Na4 Bh2+ 18. Kf1 Bf4 19. Bxf4 Qxf4 20. c4 Rxd4 21. Rad1 Rhd8 22. Rxd4 Rxd4 23. Rd1 Rxd1+ 24. Qxd1 Qxc4+ 25. Kg1 Nd5 26. Bf1 Qb4 27. Bxa6 bxa6 28. Qc2 Qe1+ 29. Kg2 Qxa5 30. Qxc6+ Kd8 31. Nc5 Qc7 32. Nb7+ Ke7 33. Qxa6 Nf4+ 34. Kh1 Qc1+ 35. Kh2 Qd2 36. Qa3+ Kf6 37. Qf3 g5 38. Nc5 Qxb2 39. h4 Kg6 40. hxg5 Qe5 41. Nd7 Qd6 42. Nf8+ Qxf8 43. Qxf4 f5 44. gxf6 Qxf6 45. Qe4+ Kf7 46. Kg3 Qe7 47. f4 Qa3+ 48. Kh4 Qe7+ 49. g5 a5 50. Kh5 Qe8 51. Qb7+ Kg8+ 52. g6 a4 53. Qa6 e5 54. Qc4+ Kh8 55. Qf7 Qb8 56. f5 e4 57. f6 Qe5+ 58. Kg4 gxf6 59. Qf8# 1-0

[Event "Titled Tuesday 2024.08.27 Early"]
[Site "chess.com INT"]
[Date "2024.08.27"]
[Round "5"]
[White "Bettalli, Francesco"]
[Black "Mendes, Aaron Reeve"]
[Result "0-1"]
[WhiteElo "2368"]
[BlackElo "2314"]
[PlyCount "150"]
[GameId "2130307537774809"]
[EventDate "2024.08.27"]
[EventType "swiss (blitz)"]
[EventRounds "11"]
[EventCountry "NET"]
[SourceTitle "The Week in Chess 1556"]
[Source "Mark Crowther"]
[SourceDate "2024.09.02"]
[SourceVersion "1"]
[SourceVersionDate "2024.09.02"]
[SourceQuality "2"]

1. Nf3 d5 2. b3 c5 3. Bb2 Nc6 4. e3 Nf6 5. Bb5 Bd7 6. O-O e6 7. Bxc6 Bxc6 8. Ne5 Rc8 9. f4 Be7 10. d3 O-O 11. Nd2 Nd7 12. Qg4 f5 13. Qxg7+ Kxg7 14. Nxc6+ Bf6 15. Nxd8 Rfxd8 16. Bxf6+ Nxf6 17. Rae1 b5 18. h3 c4 19. Nf3 cxd3 20. cxd3 Rc3 21. Nd4 Kf7 22. Nxb5 Rxd3 23. Rc1 a6 24. Rc7+ Rd7 25. Rxd7+ Nxd7 26. Nc7 a5 27. Re1 Rd2 28. Nb5 Rxa2 29. Nd4 a4 30. bxa4 Rxa4 31. Rc1 Rc4 32. Ra1 Rc7 33. Ra6 Nc5 34. Rb6 h5 35. Kh2 Kf6 36. Kg3 Rg7+ 37. Kh2 Rc7 38. Nf3 Ne4 39. Nd4 Re7 40. Rb8 e5 41. Nc6 Rc7 42. Nxe5 Rc3 43. Rb7 Rxe3 44. Rf7+ Ke6 45. Rh7 d4 46. Rh6+ Kd5 47. Rh8 d3 48. Rd8+ Nd6 49. Rxd6+ Kxd6 50. Nc4+ Kc5 51. Nxe3 Kd4 52. Nd1 d2 53. Kg3 Ke4 54. h4 Kd3 55. Kf3 Kc2 56. Ke2 Kc1 57. g3 Kc2 58. Ne3+ Kc1 59. Nd1 Kc2 60. g4 hxg4 61. h5 g3 62. h6 g2 63. Ne3+ Kc1 64. h7 g1=Q 65. h8=Q Qe1+ 66. Kf3 d1=Q+ 67. Nxd1 Qxd1+ 68. Ke3 Qd2+ 69. Kf3 Qd3+ 70. Kf2 Qc2+ 71. Ke3 Qb3+ 72. Kf2 Qc2+ 73. Kg3 Qd3+ 74. Kh4 Qf3 75. Qd4 Qg4# 0-1

[Event "Titled Tuesday 2024.08.27 Early"]
[Site "chess.com INT"]
[Date "2024.08.27"]
[Round "6"]
[White "Mendes, Aaron Reeve"]
[Black "Yeletsky, Ivan"]
[Result "0-1"]
[WhiteElo "2314"]
[BlackElo "2469"]
[PlyCount "58"]
[GameId "2130307537779047"]
[EventDate "2024.08.27"]
[EventType "swiss (blitz)"]
[EventRounds "11"]
[EventCountry "NET"]
[SourceTitle "The Week in Chess 1556"]
[Source "Mark Crowther"]
[SourceDate "2024.09.02"]
[SourceVersion "1"]
[SourceVersionDate "2024.09.02"]
[SourceQuality "2"]

1. e4 e5 2. Nf3 Nc6 3. Bc4 Be7 4. O-O Nf6 5. Re1 d6 6. c3 O-O 7. h3 Nxe4 8. Rxe4 d5 9. Re1 dxc4 10. b3 cxb3 11. axb3 f6 12. Ba3 Qd3 13. Bxe7 Nxe7 14. Na3 Ng6 15. Re3 Qd5 16. d4 Rd8 17. Qe1 Qxb3 18. dxe5 fxe5 19. Nxe5 Nxe5 20. Rxe5 Bd7 21. Re7 Re8 22. Qe5 Rxe7 23. Qxe7 Qe6 24. Qxe6+ Bxe6 25. Nb5 Bc4 26. Nxa7 c6 27. Ra3 Ba6 28. Rxa6 bxa6 29. Nxc6 a5 0-1

[Event "Titled Tuesday 2024.08.27 Early"]
[Site "chess.com INT"]
[Date "2024.08.27"]
[Round "10"]
[White "Mendes, Aaron Reeve"]
[Black "Pingin, Artem"]
[Result "0-1"]
[WhiteElo "2314"]
[BlackElo "2438"]
[PlyCount "126"]
[GameId "2130307537795756"]
[EventDate "2024.08.27"]
[EventType "swiss (blitz)"]
[EventRounds "11"]
[EventCountry "NET"]
[SourceTitle "The Week in Chess 1556"]
[Source "Mark Crowther"]
[SourceDate "2024.09.02"]
[SourceVersion "1"]
[SourceVersionDate "2024.09.02"]
[SourceQuality "2"]

1. Nf3 d5 2. e3 Nf6 3. b3 e6 4. Bb2 Bd6 5. c4 O-O 6. Nc3 Re8 7. Be2 a6 8. O-O b6 9. Rc1 Bb7 10. d4 Nbd7 11. Na4 Ne4 12. Nd2 dxc4 13. Nxe4 Bxe4 14. bxc4 Qh4 15. g3 Qf6 16. Nc3 Bb7 17. f4 Qe7 18. Bf3 Bxf3 19. Qxf3 c5 20. d5 b5 21. e4 b4 22. Na4 exd5 23. exd5 Qe2 24. Qf2 f5 25. Rfe1 Qxf2+ 26. Kxf2 Kf7 27. Rxe8 Rxe8 28. Re1 Rxe1 29. Kxe1 h6 30. a3 a5 31. axb4 axb4 32. Ke2 g5 33. Kf3 Kg6 34. h3 Be7 35. Be5 Bf6 36. Bxf6 Kxf6 37. Ke3 Ke7 38. fxg5 hxg5 39. h4 Kf6 40. h5 Ke5 41. Kf3 Kf6 42. Nb2 Ne5+ 43. Ke2 f4 44. gxf4 gxf4 45. Kf2 Kg5 46. d6 Kxh5 47. Na4 Nd7 48. Kf3 Kg5 49. Nb2 Kf5 50. Nd3 b3 51. Nb2 Ne5+ 52. Kf2 Ke6 53. Ke2 Kxd6 54. Kd2 f3 55. Ke3 Ke6 56. Na4 Kf5 57. Nb2 Kg4 58. Nd1 Kg3 59. Ke4 Nxc4 60. Kd5 b2 61. Nc3 Na3 62. Ne4+ Kg2 63. Nd2 b1=Q 0-1

[Event "Titled Tuesday 2024.08.27 Early"]
[Site "chess.com INT"]
[Date "2024.08.27"]
[Round "11"]
[White "Mendes, Aaron Reeve"]
[Black "Titarov, Vasilii"]
[Result "1-0"]
[WhiteElo "2314"]
[BlackElo "2119"]
[PlyCount "95"]
[GameId "2130307537799931"]
[EventDate "2024.08.27"]
[EventType "swiss (blitz)"]
[EventRounds "11"]
[EventCountry "NET"]
[SourceTitle "The Week in Chess 1556"]
[Source "Mark Crowther"]
[SourceDate "2024.09.02"]
[SourceVersion "1"]
[SourceVersionDate "2024.09.02"]
[SourceQuality "2"]

1. Nf3 Nf6 2. e3 g6 3. b3 Bg7 4. Bb2 O-O 5. Be2 a5 6. O-O a4 7. bxa4 Rxa4 8. c4 Ra8 9. d4 d6 10. Nc3 Bf5 11. Nd2 e5 12. Bf3 c6 13. d5 c5 14. Qb3 Nbd7 15. e4 Bg4 16. Bxg4 Nxg4 17. f3 Ngf6 18. Nb5 Ne8 19. a4 f5 20. Bc3 Bh6 21. a5 Qh4 22. g3 Qh3 23. Qc2 Ndf6 24. Qd3 Nh5 25. Qe2 Nxg3 26. hxg3 Be3+ 27. Rf2 Qxg3+ 28. Kf1 Qh3+ 29. Ke1 Bxf2+ 30. Kxf2 fxe4 31. Nxe4 Nf6 32. Nbxd6 Ng4+ 33. Ke1 Rxf3 34. Kd2 Re3 35. Nf6+ Kg7 36. Nde8+ Rxe8 37. Nxe8+ Kh8 38. Qf1 Qh2+ 39. Kd1 Rd3+ 40. Qxd3 Nf2+ 41. Kc2 Nxd3+ 42. Kxd3 Qg3+ 43. Kc2 Kg8 44. Re1 Qf2+ 45. Kb3 Kf8 46. Rxe5 h5 47. Nd6 h4 48. Re8# 1-0

[Event "Abu Dhabi Masters Online"]
[Site "chess.com INT"]
[Date "2024.08.21"]
[Round "1"]
[White "Mendes, Aaron Reeve"]
[Black "Allam, Yara"]
[Result "1-0"]
[WhiteElo "2314"]
[BlackElo "1920"]
[PlyCount "63"]
[GameId "2130307538125799"]
[EventDate "2024.08.21"]
[EventType "swiss (blitz)"]
[EventRounds "11"]
[EventCountry "UAE"]
[SourceTitle "The Week in Chess 1555"]
[Source "Mark Crowther"]
[SourceDate "2024.08.26"]
[SourceVersion "1"]
[SourceVersionDate "2024.08.26"]
[SourceQuality "2"]

1. Nf3 d5 2. e3 c5 3. c4 e6 4. b3 Nf6 5. Bb2 Be7 6. cxd5 exd5 7. d4 O-O 8. dxc5 Bxc5 9. Bd3 Nc6 10. O-O h6 11. a3 Bg4 12. b4 Bd6 13. h3 Bxf3 14. Qxf3 Ne5 15. Qe2 Nxd3 16. Qxd3 Be7 17. Nd2 Rc8 18. Rac1 Qd7 19. Nf3 Rxc1 20. Rxc1 Rc8 21. Rxc8+ Qxc8 22. Bxf6 Bxf6 23. Qxd5 Qc1+ 24. Kh2 Qxa3 25. Qxb7 Bc3 26. b5 Qd6+ 27. g3 Qc5 28. Qc6 Qf5 29. g4 Be5+ 30. Kg2 Qf6 31. Qe8+ Kh7 32. Qxe5 1-0

[Event "Abu Dhabi Masters Online"]
[Site "chess.com INT"]
[Date "2024.08.21"]
[Round "2"]
[White "Concio, Michael Jr."]
[Black "Mendes, Aaron Reeve"]
[Result "0-1"]
[WhiteElo "2373"]
[BlackElo "2314"]
[PlyCount "102"]
[GameId "2130307538125840"]
[EventDate "2024.08.21"]
[EventType "swiss (blitz)"]
[EventRounds "11"]
[EventCountry "UAE"]
[SourceTitle "The Week in Chess 1555"]
[Source "Mark Crowther"]
[SourceDate "2024.08.26"]
[SourceVersion "1"]
[SourceVersionDate "2024.08.26"]
[SourceQuality "2"]

1. d4 Nf6 2. c4 e6 3. Nc3 Bb4 4. e3 b6 5. Bd3 Bb7 6. f3 d5 7. a3 Bxc3+ 8. bxc3 O-O 9. Ne2 Nbd7 10. O-O e5 11. cxd5 Bxd5 12. Ng3 Bb7 13. e4 exd4 14. cxd4 c5 15. Bb2 cxd4 16. Bxd4 Nc5 17. Bxc5 bxc5 18. Bc4 Qc7 19. Nf5 g6 20. Qd6 Qd8 21. Rfd1 Qb6 22. Rab1 Qxd6 23. Nxd6 Bc6 24. Nxf7 Rxf7 25. Rd6 Bd5 26. Rxd5 Nxd5 27. Bxd5 Rd8 28. Rc1 Rxd5 29. exd5 Rc7 30. Kf2 Kf7 31. Ke3 Ke7 32. Kd3 Kd6 33. Kc4 Re7 34. Rb1 Re2 35. Rb7 Rc2+ 36. Kd3 Rxg2 37. Rxh7 Kxd5 38. Rd7+ Kc6 39. Rxa7 Rxh2 40. Ra6+ Kb5 41. Rxg6 Ra2 42. Ke4 Rxa3 43. f4 Ra4+ 44. Ke5 Ra8 45. f5 c4 46. Rg1 c3 47. f6 Kc4 48. f7 c2 49. Rg8 c1=Q 50. Rxa8 Qe3+ 51. Kd6 Qc5+ 0-1

[Event "Abu Dhabi Masters Online"]
[Site "chess.com INT"]
[Date "2024.08.21"]
[Round "3"]
[White "Gholami Orimi, Mahdi"]
[Black "Mendes, Aaron Reeve"]
[Result "1/2-1/2"]
[WhiteElo "2496"]
[BlackElo "2314"]
[PlyCount "134"]
[GameId "2130307538129992"]
[EventDate "2024.08.21"]
[EventType "swiss (blitz)"]
[EventRounds "11"]
[EventCountry "UAE"]
[SourceTitle "The Week in Chess 1555"]
[Source "Mark Crowther"]
[SourceDate "2024.08.26"]
[SourceVersion "1"]
[SourceVersionDate "2024.08.26"]
[SourceQuality "2"]

1. c4 c6 2. Nf3 d5 3. e3 Nf6 4. b3 Nbd7 5. Bb2 e6 6. g3 Bd6 7. Bg2 O-O 8. d4 Qe7 9. O-O e5 10. dxe5 Nxe5 11. cxd5 cxd5 12. Nc3 Nxf3+ 13. Bxf3 Bh3 14. Re1 Rad8 15. Nb5 Bb4 16. Re2 Ne4 17. Rc1 Ng5 18. Bh1 Bc5 19. Rec2 Bb6 20. Ba3 Qd7 21. Bxf8 Kxf8 22. Nd4 Bg4 23. f3 Qe7 24. Rc3 Bd7 25. Bg2 Re8 26. a4 Qf6 27. Kh1 h5 28. b4 h4 29. gxh4 Nh3 30. Bxh3 Bxh3 31. Qg1 Bxd4 32. exd4 Qxh4 33. Qg3 Qh5 34. Rg1 g6 35. Qd6+ Kg7 36. Qf4 Re6 37. a5 a6 38. Qg5 Qxg5 39. Rxg5 Re1+ 40. Rg1 Re2 41. Rd1 Rb2 42. Kg1 Rxb4 43. Kf2 Rb2+ 44. Kg3 Be6 45. Rc5 g5 46. h4 Kg6 47. hxg5 Kxg5 48. Re1 Rb4 49. Re5+ Kf6 50. Rh5 Rxd4 51. Rh6+ Kg7 52. Rh4 Rc4 53. Rhxc4 dxc4 54. Kf4 Kf6 55. Ke4 Ke7 56. Ke5 f6+ 57. Kd4 Kd6 58. f4 Bf7 59. Rf5 Ke7 60. Rc5 Kd7 61. Kc3 Be6 62. Kb4 f5 63. Re5 Kd6 64. Re3 Bd5 65. Re5 Be6 66. Re1 Kd5 67. Re5+ Kd6 1/2-1/2

[Event "Abu Dhabi Masters Online"]
[Site "chess.com INT"]
[Date "2024.08.21"]
[Round "7"]
[White "Lazavik, Denis"]
[Black "Mendes, Aaron Reeve"]
[Result "1-0"]
[WhiteElo "2578"]
[BlackElo "2314"]
[PlyCount "77"]
[GameId "2130307538138375"]
[EventDate "2024.08.21"]
[EventType "swiss (blitz)"]
[EventRounds "11"]
[EventCountry "UAE"]
[SourceTitle "The Week in Chess 1555"]
[Source "Mark Crowther"]
[SourceDate "2024.08.26"]
[SourceVersion "1"]
[SourceVersionDate "2024.08.26"]
[SourceQuality "2"]

1. d4 Nf6 2. c4 e6 3. Nf3 c5 4. d5 exd5 5. cxd5 d6 6. Nc3 Nbd7 7. e4 a6 8. a4 g6 9. Bd3 Bg7 10. O-O O-O 11. h3 Re8 12. Re1 b6 13. Bf4 Ne5 14. Nxe5 dxe5 15. Be3 Bb7 16. a5 Nd7 17. axb6 Qxb6 18. Na4 Qd6 19. Rc1 Rec8 20. b3 Bf8 21. Nb2 Nb6 22. Qd2 a5 23. Ra1 a4 24. Nc4 Nxc4 25. bxc4 Ra7 26. Ra3 Rca8 27. Rb1 Bc8 28. Qb2 Rb7 29. Qc1 Rxb1 30. Qxb1 Rb8 31. Qa1 Bd7 32. Bc2 Rb4 33. Bxa4 Rxc4 34. Bxd7 Qxd7 35. Ra8 Kg7 36. Qxe5+ f6 37. Qb8 Qd6 38. Ra7+ Kh8 39. Qb7 1-0

[Event "Abu Dhabi Masters Online"]
[Site "chess.com INT"]
[Date "2024.08.21"]
[Round "8"]
[White "Mendes, Aaron Reeve"]
[Black "Murzin, Volodar"]
[Result "0-1"]
[WhiteElo "2314"]
[BlackElo "2641"]
[PlyCount "124"]
[GameId "2130307538138406"]
[EventDate "2024.08.21"]
[EventType "swiss (blitz)"]
[EventRounds "11"]
[EventCountry "UAE"]
[SourceTitle "The Week in Chess 1555"]
[Source "Mark Crowther"]
[SourceDate "2024.08.26"]
[SourceVersion "1"]
[SourceVersionDate "2024.08.26"]
[SourceQuality "2"]

1. e4 c5 2. Nf3 e6 3. b3 Nc6 4. Bb2 a6 5. c4 d5 6. exd5 exd5 7. cxd5 Qxd5 8. Nc3 Qd8 9. Be2 Nf6 10. O-O Be7 11. Na4 b5 12. Nc3 O-O 13. Rc1 Bb7 14. a4 b4 15. Nb1 Qd5 16. d3 Rad8 17. Nbd2 Rfe8 18. Re1 Ba8 19. Bf1 h6 20. Qc2 Nh5 21. g3 Nf6 22. Bg2 Qxd3 23. Qxd3 Rxd3 24. Bxf6 gxf6 25. Ne4 Kf8 26. Nxc5 Bxc5 27. Rxe8+ Kxe8 28. Rxc5 Rxb3 29. Nd2 Rc3 30. Rc4 a5 31. Be4 Ne5 32. Rd4 Bxe4 33. Rxe4 Kf8 34. Rd4 Ra3 35. f4 Ng4 36. Nc4 Rxa4 37. h3 Ra1+ 38. Kg2 Ra2+ 39. Kf3 Nh2+ 40. Ke4 Nf1 41. Kf5 Kg7 42. Rd3 Rc2 43. Nd6 Rc3 44. Ne8+ Kf8 45. Rd8 Nxg3+ 46. Kxf6 Ne4+ 47. Ke5 Ke7 48. Ra8 Rc4 49. Kd5 Nd2 50. f5 f6 51. Nd6 Rc7 52. Re8+ Kd7 53. Rf8 Rc3 54. Rf7+ Kd8 55. Ke6 Re3+ 56. Kd5 b3 57. Nb7+ Kc8 58. Kc6 Rc3+ 59. Nc5 Rxc5+ 60. Kxc5 b2 61. Kc6 Kd8 62. Rc7 b1=Q 0-1